[Event "GER-chT U16"]
[Site "Magdeburg"]
[Date "2023.12.27"]
[Round "2.5"]
[White "Hoffmann, Kay"]
[Black "Radeke, Timothy"]
[Result "1-0"]
[WhiteElo "2088"]
[BlackElo "1504"]
[PlyCount "43"]
[EventDate "2023.12.26"]
[EventType "team-swiss"]
[EventRounds "7"]
[EventCountry "GER"]
[SourceTitle "CB03_2024"]
[SourceDate "2024.01.17"]
[SourceVersion "1"]
[SourceVersionDate "2024.01.17"]
[SourceQuality "1"]
[WhiteTeam "Barnim Schachfreunde"]
[BlackTeam "Dresden Gruen Weiss"]
[WhiteTeamCountry "GER"]
[BlackTeamCountry "GER"]

1. d4 d6 2. Nc3 Nf6 3. e4 Nbd7 4. Nf3 e5 5. dxe5 dxe5 6. Bg5 Be7 7. Qd2 c6 8. 0-0-0 Qc7 9. Nh4 h6 10. Be3 Nc5 11. Bxc5 Bxc5 12. Nf5 Bxf5 13. exf5 0-0 14. Bd3 b5 15. g4 Qa5 16. g5 Ng4 17. gxh6 Nxh6 18. Rhg1 Kh7 19. Rxg7+ Kxg7 20. Qg5+ Kh8 21. Qxh6+ Kg8 22. Rg1# 1-0

[Event "GER-chT U16"]
[Site "Magdeburg"]
[Date "2023.12.27"]
[Round "1.8"]
[White "Radeke, Timothy"]
[Black "Berresheim, Nils"]
[Result "1-0"]
[WhiteElo "1504"]
[BlackElo "1772"]
[PlyCount "85"]
[EventDate "2023.12.26"]
[EventType "team-swiss"]
[EventRounds "7"]
[EventCountry "GER"]
[SourceTitle "CB03_2024"]
[SourceDate "2024.01.17"]
[SourceVersion "1"]
[SourceVersionDate "2024.01.17"]
[SourceQuality "1"]
[WhiteTeam "Dresden Gruen Weiss"]
[BlackTeam "Essen Katernberg"]
[WhiteTeamCountry "GER"]
[BlackTeamCountry "GER"]

1. e4 c5 2. Nc3 a6 3. g3 b5 4. Bg2 Bb7 5. d3 e6 6. Be3 Nf6 7. f4 Qc7 8. Nge2 d5 9. exd5 exd5 10. d4 c4 11. 0-0 Nbd7 12. f5 b4 13. Nb1 Bd6 14. c3 a5 15. a3 bxa3 16. Nxa3 Qb6 17. Qc2 0-0 18. Nf4 Rfe8 19. Rae1 Bc6 20. Bf2 Rxe1 21. Rxe1 Rb8 22. Nxc4 dxc4 23. d5 Qxb2 24. Qxb2 Rxb2 25. dxc6 Ne5 26. Rd1 Bc7 27. Bd4 Rb8 28. Re1 Neg4 29. Nd5 Nxd5 30. Bxd5 Nf6 31. Bxc4 Bb6 32. Re7 Bxd4+ 33. cxd4 Rb1+ 34. Kg2 Rc1 35. Bxf7+ Kf8 36. Rc7 a4 37. Be6 a3 38. Rf7+ Ke8 39. c7 Rc3 40. Rxg7 Rc2+ 41. Kh3 a2 42. Bxa2 Nd7 43. Be6 1-0

[Event "GER-ch U12"]
[Site "Willingen"]
[Date "2023.05.28"]
[Round "2"]
[White "Radeke, Timothy"]
[Black "Tomi, Emilian"]
[Result "1/2-1/2"]
[WhiteElo "1485"]
[BlackElo "1552"]
[PlyCount "105"]
[EventDate "2023.05.27"]
[EventType "swiss"]
[EventRounds "9"]
[EventCountry "GER"]
[SourceTitle "CBM 214 Extra"]
[Source "ChessBase"]
[SourceDate "2023.07.31"]
[SourceVersion "1"]
[SourceVersionDate "2023.07.31"]
[SourceQuality "1"]

1. e4 c6 2. Nf3 d5 3. exd5 cxd5 4. Ne5 Nd7 5. Bb5 Ngf6 6. d4 g6 7. 0-0 Bg7 8. c3 0-0 9. Bf4 Nh5 10. Qc1 Nxf4 11. Qxf4 Nxe5 12. dxe5 Qc7 13. Re1 Bf5 14. Nd2 Rfd8 15. Nf3 Rac8 16. Nd4 Bd7 17. Bxd7 Rxd7 18. Qe3 e6 19. f4 a6 20. Nb3 Bf8 21. Rad1 Bc5 22. Nxc5 Qxc5 23. Qxc5 Rxc5 24. Rd4 b5 25. Red1 a5 26. g4 a4 27. Rb4 Ra7 28. Rd3 a3 29. b3 Rac7 30. c4 bxc4 31. bxc4 Rc8 32. Rxa3 dxc4 33. Rc3 Rd8 34. a4 Rd4 35. Rf3 Rd1+ 36. Rf1 Rxf1+ 37. Kxf1 c3 38. Rb1 c2 39. Rc1 Ra5 40. Rxc2 Rxa4 41. Rf2 Re4 42. Kg2 Re3 43. Rf3 Rxf3 44. Kxf3 h5 45. g5 Kf8 46. Ke4 Ke7 47. Kd4 Kd7 48. Kc5 Kc7 49. h4 Kd7 50. Kb6 Kd8 51. Kc6 Kc8 52. Kd6 Kd8 53. Kc6 1/2-1/2

[Event "GER-ch U12"]
[Site "Willingen"]
[Date "2022.06.08"]
[Round "6"]
[White "Radeke, Timothy"]
[Black "Noennig, Jakob1111"]
[Result "0-1"]
[WhiteElo "1129"]
[BlackElo "1556"]
[PlyCount "110"]
[EventDate "2022.06.04"]
[EventType "swiss"]
[EventRounds "9"]
[EventCountry "GER"]
[SourceTitle "CBM 208 Extra"]
[Source "ChessBase"]
[SourceDate "2022.07.31"]
[SourceVersion "1"]
[SourceVersionDate "2022.07.31"]
[SourceQuality "1"]

1. e4 e5 2. Nf3 Nc6 3. Bc4 Bc5 4. c3 Nf6 5. d4 exd4 6. cxd4 Bb4+ 7. Bd2 Bxd2+ 8. Nbxd2 d5 9. exd5 Nxd5 10. Qb3 Nce7 11. 0-0 0-0 12. Rfe1 c6 13. Rad1 Qb6 14. Qa3 Be6 15. Ne4 Rfe8 16. Neg5 Nf5 17. Nxe6 Rxe6 18. Ng5 Rxe1+ 19. Rxe1 Qxd4 20. Qf3 Qxc4 21. Qxf5 Nf6 22. h3 h6 23. Ne4 Nxe4 24. Rxe4 Qc1+ 25. Kh2 Qxb2 26. Re7 Rf8 27. Qd7 Qxa2 28. Qxb7 Qxf2 29. Qxc6 Qf4+ 30. Kg1 Rb8 31. Qc2 Qb4 32. Qc7 Qb6+ 33. Kf1 Qxc7 34. Rxc7 Ra8 35. Rc4 a5 36. Ra4 Kf8 37. Ke2 Ke7 38. Kd3 Kd6 39. Kd4 Kc6 40. Kc4 f5 41. Kb3 Kb5 42. Rf4 g6 43. g4 Rf8 44. Rd4 Rf6 45. Rd5+ Kb6 46. Ka4 f4 47. Rb5+ Kc7 48. Kxa5 f3 49. Rb1 f2 50. Rf1 Kd6 51. Kb4 Ke5 52. Kc3 Ke4 53. Kd2 Kf3 54. g5 hxg5 55. Kd3 Kg2 0-1

[Event "GER-ch U10"]
[Site "Willingen"]
[Date "2021.08.28"]
[Round "9"]
[White "Radeke, Timothy"]
[Black "Nemitz, Alfred"]
[Result "0-1"]
[WhiteElo "1169"]
[BlackElo "1280"]
[PlyCount "78"]
[EventDate "2021.08.22"]
[EventType "swiss"]
[EventRounds "11"]
[EventCountry "GER"]
[SourceTitle "EXT 2022"]
[Source "ChessBase"]
[SourceDate "2021.10.06"]
[SourceVersion "1"]
[SourceVersionDate "2021.10.06"]
[SourceQuality "1"]

1. e4 d6 2. d4 Nf6 3. Nc3 Nbd7 4. f4 e5 5. fxe5 dxe5 6. dxe5 Nxe5 7. Qxd8+ Kxd8 8. Bf4 Ng6 9. 0-0-0+ Bd7 10. Bg3 Bb4 11. Nd5 Nxd5 12. exd5 Re8 13. Nf3 Bg4 14. Rd4 Bxf3 15. Rxb4 Be4 16. Rxb7 Re7 17. c4 f5 18. Rb3 f4 19. Bf2 Kd7 20. Rg1 Ne5 21. Bc5 Rf7 22. g3 f3 23. Bh3+ Kd8 24. Re3 Nd3+ 25. Kd2 Nxc5 26. b4 f2 27. Rf1 Bd3 28. Rxd3 Nxd3 29. Kxd3 Rb8 30. a3 Ke7 31. Be6 Rf3+ 32. Kd4 Rbf8 33. c5 Rxa3 34. g4 Rb3 35. h4 Rff3 36. Bf5 Rxb4+ 37. Ke5 Re3+ 38. Be4 Rexe4+ 39. Kf5 Rf4+ 0-1

[Event "GER-ch U10"]
[Site "Willingen"]
[Date "2021.08.25"]
[Round "5"]
[White "Ley, Cornelius"]
[Black "Radeke, Timothy"]
[Result "0-1"]
[WhiteElo "1447"]
[BlackElo "1169"]
[PlyCount "66"]
[EventDate "2021.08.22"]
[EventType "swiss"]
[EventRounds "11"]
[EventCountry "GER"]
[SourceTitle "EXT 2022"]
[Source "ChessBase"]
[SourceDate "2021.10.06"]
[SourceVersion "1"]
[SourceVersionDate "2021.10.06"]
[SourceQuality "1"]

1. e4 e5 2. Nf3 Nc6 3. Bc4 Bc5 4. d3 Nf6 5. Nc3 d6 6. h3 a6 7. a4 Be6 8. Nd5 Na5 9. Ba2 c6 10. Nxf6+ Qxf6 11. Bd2 Qg6 12. Bxe6 Qxg2 13. Rh2 Qg6 14. Bxa5 fxe6 15. Qe2 0-0 16. Bd2 Rxf3 17. 0-0-0 Raf8 18. Be3 Qf6 19. Bxc5 Qf4+ 20. Be3 Qxh2 21. d4 Rxf2 22. Bxf2 Rxf2 23. Qd3 exd4 24. Rd2 Rxd2 25. Qxd2 Qxd2+ 26. Kxd2 e5 27. Ke2 Kf7 28. Kf3 c5 29. a5 Kg6 30. c4 Kh5 31. Kf2 Kh4 32. Ke2 Kxh3 33. Kf3 g5 0-1

[Event "GER-ch U10"]
[Site "Willingen"]
[Date "2020.10.28"]
[Round "2"]
[White "Buchinger, Alexis"]
[Black "Radeke, Timothy"]
[Result "1-0"]
[WhiteElo "1496"]
[BlackElo "1143"]
[PlyCount "39"]
[EventDate "2020.10.26"]
[EventType "swiss"]
[EventRounds "7"]
[EventCountry "GER"]
[SourceTitle "CBM 199 Extra"]
[Source "ChessBase"]
[SourceDate "2021.01.31"]
[SourceVersion "1"]
[SourceVersionDate "2021.01.31"]
[SourceQuality "1"]

1. e4 d6 2. d4 Nf6 3. Nc3 Nbd7 4. Nf3 e5 5. Bg5 h6 6. Bxf6 Qxf6 7. Be2 Be7 8. Nd5 Qg6 9. Nxc7+ Kd8 10. Nxa8 b6 11. dxe5 Qxe4 12. exd6 Bf6 13. Nc7 Bxb2 14. 0-0 Bxa1 15. Bd3 Qg4 16. Qxa1 Bb7 17. Be2 f6 18. h3 Qg6 19. Nh4 Qxc2 20. Ne6+ 1-0

[Event "GER Pfingstopen U12"]
[Site "Playchess.com INT"]
[Date "2020.06.02"]
[Round "8"]
[White "Muendoerfer, Sebastian"]
[Black "Radeke, Timothy"]
[Result "1-0"]
[WhiteElo "1548"]
[BlackElo "1494"]
[PlyCount "113"]
[EventDate "2020.06.02"]
[EventType "swiss (blitz)"]
[EventRounds "11"]
[EventCountry "GER"]
[SourceTitle "CBM 197 Extra"]
[Source "ChessBase"]
[SourceDate "2020.09.30"]
[SourceVersion "1"]
[SourceVersionDate "2020.09.30"]
[SourceQuality "1"]

1. d4 d5 2. c4 e6 3. Nc3 c5 4. dxc5 d4 5. Ne4 Bxc5 6. Nxc5 Qa5+ 7. Bd2 Qxc5 8. Nf3 Nf6 9. Rc1 Nc6 10. g3 Bd7 11. Bg2 0-0 12. 0-0 e5 13. Qb3 Rab8 14. e3 e4 15. exd4 Nxd4 16. Nxd4 Qxd4 17. Qc3 Qxc3 18. Bxc3 Bc6 19. Rfe1 Rfe8 20. a3 Nd7 21. Re2 Nc5 22. b4 Nd3 23. Rd1 Ba4 24. Rdd2 f5 25. f3 exf3 26. Rxe8+ Rxe8 27. Bxf3 Re1+ 28. Kg2 Ne5 29. Bxb7 Nxc4 30. Bd5+ Kf8 31. Bxc4 Rc1 32. Rd3 Bc6+ 33. Kf2 Rc2+ 34. Ke3 g5 35. b5 f4+ 36. gxf4 gxf4+ 37. Kxf4 Rf2+ 38. Ke3 Rf3+ 39. Ke2 Rxd3 40. Kxd3 Bb7 41. Bd4 Ke7 42. Bxa7 Kd6 43. b6 Kc6 44. Bg8 h6 45. Ke4 Kd6+ 46. Kf5 h5 47. Kg5 Bf3 48. a4 Kc5 49. a5 Kb5 50. Bf7 Kxa5 51. Bxh5 Bb7 52. Bg4 Kb5 53. h4 Kc6 54. h5 Kd6 55. h6 Be4 56. h7 Bxh7 57. b7 1-0

[Event "GER Pfingstopen U12"]
[Site "Playchess.com INT"]
[Date "2020.06.02"]
[Round "4"]
[White "Radeke, Timothy"]
[Black "Doeding, Alexander Karsten"]
[Result "1-0"]
[WhiteElo "1494"]
[BlackElo "1463"]
[PlyCount "131"]
[EventDate "2020.06.02"]
[EventType "swiss (blitz)"]
[EventRounds "11"]
[EventCountry "GER"]
[SourceTitle "CBM 197 Extra"]
[Source "ChessBase"]
[SourceDate "2020.09.30"]
[SourceVersion "1"]
[SourceVersionDate "2020.09.30"]
[SourceQuality "1"]

1. d4 Nf6 2. c4 g6 3. Nc3 Bg7 4. e4 d6 5. Nf3 0-0 6. Bd3 Bg4 7. 0-0 Nc6 8. d5 Nd4 9. Be2 Nxe2+ 10. Qxe2 Nh5 11. Bg5 f6 12. Bh4 g5 13. Bg3 Nxg3 14. fxg3 a6 15. h3 Bh5 16. Qc2 c6 17. Ne2 Qb6+ 18. Kh1 cxd5 19. exd5 f5 20. Nxg5 Qxb2 21. Qxb2 Bxb2 22. Rab1 Bxe2 23. Rf2 Bf6 24. Ne6 Bxc4 25. Nxf8 Kxf8 26. Rxf5 Bd3 27. Rxf6+ exf6 28. Rxb7 Bc4 29. Rxh7 Kg8 30. Rd7 Bxd5 31. Rxd6 Bxa2 32. Rxf6 Bf7 33. Kg1 a5 34. Rf3 a4 35. Ra3 Kf8 36. Kf2 Ke7 37. Ke2 Kd6 38. Kd3 Kc5 39. Kc3 Ra7 40. h4 Bd5 41. g4 Bxg2 42. g5 Bd5 43. h5 Rg7 44. g6 Bf3 45. Rxa4 Bd5 46. Ra5+ Kc6 47. Kd4 Rd7 48. h6 Bf7+ 49. Ke5 Bxg6 50. Ra6+ Kb7 51. Rxg6 Rh7 52. Kf6 Rh8 53. Rg7+ Kc8 54. h7 Rf8+ 55. Kg6 Rh8 56. Rg8+ Rxg8+ 57. hxg8Q+ Kc7 58. Qd5 Kb6 59. Qc4 Ka5 60. Qb3 Ka6 61. Qb4 Ka7 62. Kf6 Ka8 63. Ke7 Ka7 64. Kd6 Ka8 65. Kc7 Ka7 66. Qa4# 1-0

[Event "GER-ch Net Amateur Gr-C Final"]
[Site "Playchess.com INT"]
[Date "2020.04.18"]
[Round "7"]
[White "Segermann, Nils"]
[Black "Radeke, Timothy"]
[Result "1-0"]
[WhiteElo "1792"]
[BlackElo "1614"]
[PlyCount "33"]
[EventDate "2020.04.18"]
[EventType "swiss (blitz)"]
[EventRounds "13"]
[EventCountry "GER"]
[SourceTitle "CBM 195 Extra"]
[Source "ChessBase"]
[SourceDate "2020.05.31"]
[SourceVersion "1"]
[SourceVersionDate "2020.05.31"]
[SourceQuality "1"]

1. e4 c5 2. Bc4 d6 3. Qf3 Nf6 4. d3 a6 5. Bg5 b5 6. Bxf6 exf6 7. Bd5 Ra7 8. Ne2 Bb7 9. Bxb7 Rxb7 10. e5 fxe5 11. Qxb7 Be7 12. Nbc3 0-0 13. Nd5 Bg5 14. Nec3 Nd7 15. Ne4 Bh6 16. Qxa6 b4 17. Qxd6 1-0

[Event "GER-ch Net Amateur Gr-C Final"]
[Site "Playchess.com INT"]
[Date "2020.04.18"]
[Round "4"]
[White "Weckerle, Anatol"]
[Black "Radeke, Timothy"]
[Result "0-1"]
[WhiteElo "1370"]
[BlackElo "1614"]
[PlyCount "42"]
[EventDate "2020.04.18"]
[EventType "swiss (blitz)"]
[EventRounds "13"]
[EventCountry "GER"]
[SourceTitle "CBM 195 Extra"]
[Source "ChessBase"]
[SourceDate "2020.05.31"]
[SourceVersion "1"]
[SourceVersionDate "2020.05.31"]
[SourceQuality "1"]

1. c4 c5 2. Nc3 d6 3. g3 Nf6 4. Bg2 g6 5. e3 Bg7 6. Nge2 0-0 7. 0-0 Nc6 8. f4 Bd7 9. a3 a6 10. Rb1 b5 11. cxb5 axb5 12. d3 b4 13. axb4 Nxb4 14. Bxa8 Qxa8 15. Bd2 Nxd3 16. Nc1 Nxc1 17. Bxc1 Bh3 18. Rf2 h5 19. Bd2 Ng4 20. Ra1 Qb7 21. Rg2 Qxg2# 0-1

[Event "GER-ch Net Amateur Gr-C Vor2"]
[Site "Playchess.com INT"]
[Date "2020.04.15"]
[Round "8"]
[White "Radeke, Timothy"]
[Black "Segermann, Nils"]
[Result "0-1"]
[WhiteElo "1623"]
[BlackElo "1830"]
[PlyCount "66"]
[EventDate "2020.04.15"]
[EventType "swiss (blitz)"]
[EventRounds "9"]
[EventCountry "GER"]
[SourceTitle "CBM 196 Extra"]
[Source "ChessBase"]
[SourceDate "2020.07.31"]
[SourceVersion "1"]
[SourceVersionDate "2020.07.31"]
[SourceQuality "1"]

1. d4 e6 2. c4 b6 3. Nc3 Bb7 4. e4 Bb4 5. Bd3 Nf6 6. f3 Bxc3+ 7. bxc3 d6 8. Be3 Nbd7 9. Ne2 c5 10. d5 e5 11. 0-0 Qe7 12. Bc2 h5 13. Ba4 h4 14. Bb5 h3 15. g3 Nh5 16. g4 Nhf6 17. Bg5 0-0-0 18. Qa4 Kb8 19. Ng3 Qf8 20. Bxd7 Nxd7 21. Bxd8 Qxd8 22. Nf5 Nf6 23. Nxg7 Bc8 24. Nf5 Bxf5 25. exf5 e4 26. fxe4 Nxg4 27. Kh1 Qg5 28. Qc2 Ne3 29. Qf2 Qg2+ 30. Qxg2 hxg2+ 31. Kg1 gxf1Q+ 32. Rxf1 Nxf1 33. Kxf1 Rxh2 0-1

[Event "GER-ch Net Amateur Gr-C Vor1"]
[Site "Playchess.com INT"]
[Date "2020.04.14"]
[Round "3"]
[White "Radeke, Timothy"]
[Black "Heutling, Thomas"]
[Result "1-0"]
[WhiteElo "1529"]
[BlackElo "1681"]
[PlyCount "129"]
[EventDate "2020.04.14"]
[EventType "swiss (blitz)"]
[EventRounds "9"]
[EventCountry "GER"]
[SourceTitle "CBM 196 Extra"]
[Source "ChessBase"]
[SourceDate "2020.07.31"]
[SourceVersion "1"]
[SourceVersionDate "2020.07.31"]
[SourceQuality "1"]

1. d4 d6 2. c4 Nd7 3. Nc3 Ngf6 4. Nf3 e5 5. Bg5 Be7 6. Bxf6 Bxf6 7. e3 c6 8. Be2 Be7 9. 0-0 Qc7 10. b4 a6 11. a4 exd4 12. Nxd4 c5 13. bxc5 dxc5 14. Nb3 0-0 15. Nd5 Qd6 16. Nd2 Bd8 17. Ne4 Qe5 18. Bd3 f5 19. f4 Qe6 20. Ng3 Nb6 21. Bxf5 Qc6 22. Be4 Nxd5 23. Bxd5+ Qxd5 24. Qxd5+ Kh8 25. Ne4 Bg4 26. Qg5 Bxg5 27. Nxg5 Be2 28. Rfe1 Bxc4 29. Nf3 Rae8 30. Rac1 Bd5 31. Kf2 Bxf3 32. Kxf3 Rf5 33. g4 Rff8 34. h4 h6 35. g5 h5 36. Kg3 g6 37. Kf3 Rd8 38. Kg3 b6 39. Kf3 Rfe8 40. Kg3 a5 41. Kf3 Rc8 42. Kg3 c4 43. Kf3 c3 44. Kg3 Rc4 45. Ra1 c2 46. Kf3 Ree4 47. Rec1 Re6 48. Ra2 Rec6 49. Ke2 Rc3 50. Kd2 R3c4 51. Raxc2 Rd6+ 52. Ke2 Rxc2+ 53. Rxc2 Rd2+ 54. Rxd2 b5 55. Rd5 Kg7 56. Rxb5 Kf7 57. Rxa5 Ke6 58. Ra6+ Kd7 59. Rxg6 Kc7 60. Rh6 Kb7 61. g6 Kc6 62. g7+ Kc5 63. g8Q Kb4 64. Qb8+ Kxa4 65. Ra6# 1-0

[Event "GER-ch Net Amateur Gr-C Vor1"]
[Site "Playchess.com INT"]
[Date "2020.04.14"]
[Round "6"]
[White "Radeke, Timothy"]
[Black "Kullmann, Theo"]
[Result "0-1"]
[WhiteElo "1592"]
[BlackElo "1620"]
[PlyCount "50"]
[EventDate "2020.04.14"]
[EventType "swiss (blitz)"]
[EventRounds "9"]
[EventCountry "GER"]
[SourceTitle "CBM 196 Extra"]
[Source "ChessBase"]
[SourceDate "2020.07.31"]
[SourceVersion "1"]
[SourceVersionDate "2020.07.31"]
[SourceQuality "1"]

1. d4 d5 2. c4 e6 3. Nc3 Nf6 4. cxd5 exd5 5. Bg5 Be7 6. Nf3 Nbd7 7. e3 0-0 8. Be2 h6 9. Bh4 Re8 10. 0-0 c6 11. Rc1 Nf8 12. Bxf6 Bxf6 13. e4 dxe4 14. Nd2 Ng6 15. Ndxe4 Bf5 16. Nxf6+ Qxf6 17. d5 Rad8 18. Bf3 Qg5 19. Qb3 cxd5 20. Nxd5 Be6 21. Qxb7 Bxd5 22. Bxd5 Qxd5 23. Qxa7 Nf4 24. f3 Qd2 25. Rcd1 Qxg2# 0-1

[Event "GER-ch Net Amateur Gr-C Vor1"]
[Site "Playchess.com INT"]
[Date "2020.04.14"]
[Round "5"]
[White "Skopp, Jonathan"]
[Black "Radeke, Timothy"]
[Result "0-1"]
[WhiteElo "1620"]
[BlackElo "1575"]
[PlyCount "50"]
[EventDate "2020.04.14"]
[EventType "swiss (blitz)"]
[EventRounds "9"]
[EventCountry "GER"]
[SourceTitle "CBM 196 Extra"]
[Source "ChessBase"]
[SourceDate "2020.07.31"]
[SourceVersion "1"]
[SourceVersionDate "2020.07.31"]
[SourceQuality "1"]

1. d4 d5 2. Bf4 Nf6 3. c4 e6 4. cxd5 exd5 5. Nf3 c5 6. e3 Nc6 7. Bb5 a6 8. Ba4 b5 9. Bc2 Be7 10. dxc5 Bxc5 11. Nc3 0-0 12. Bg5 d4 13. exd4 Nxd4 14. Bxf6 Qxf6 15. Nxd4 Bxd4 16. Qd3 Bf5 17. Qd2 Bxc2 18. Qxc2 Bxc3+ 19. Qxc3 Rfe8+ 20. Kd2 Rad8+ 21. Kc1 Rc8 22. Kc2 Rxc3+ 23. bxc3 Rc8 24. Rhd1 Qxc3+ 25. Kb1 Qc2# 0-1

[Event "GER-ch Net blitz qual4"]
[Site "Playchess.com INT"]
[Date "2020.03.23"]
[Round "4"]
[White "Kanbach, Tim Casimir"]
[Black "Radeke, Timothy"]
[Result "0-1"]
[WhiteElo "1318"]
[BlackElo "1143"]
[PlyCount "94"]
[EventDate "2020.03.23"]
[EventType "swiss (blitz)"]
[EventRounds "9"]
[EventCountry "GER"]
[SourceTitle "CBM 195 Extra"]
[Source "ChessBase"]
[SourceDate "2020.05.31"]
[SourceVersion "1"]
[SourceVersionDate "2020.05.31"]
[SourceQuality "1"]

1. e4 e6 2. Nf3 d5 3. Nc3 dxe4 4. Nxe4 Nf6 5. Nc3 Bb4 6. Bc4 Nc6 7. d3 Bd7 8. Bd2 0-0 9. 0-0 a6 10. d4 Na5 11. Bd3 b5 12. Ne2 Bxd2 13. Qxd2 Nb7 14. Rad1 c5 15. dxc5 Nxc5 16. b3 Bc6 17. Rfe1 Bxf3 18. gxf3 Nd5 19. Kf1 Qh4 20. Ng3 Qxh2 21. Ke2 Qh4 22. Rh1 Qf6 23. Bxh7+ Kh8 24. Be4+ Kg8 25. Bxd5 exd5 26. Qxd5 Rfe8+ 27. Kf1 Ne6 28. Qh5 Kf8 29. Ne4 Qb2 30. Qc5+ Kg8 31. Qh5 Kf8 32. Qh8+ Ke7 33. Qh4+ Kf8 34. Nd6 Qxc2 35. Qh8+ Ke7 36. Nf5+ Kf6 37. Qh4+ Kxf5 38. Qh5+ Kf6 39. Qh4+ Ng5 40. Rg1 Qxd1+ 41. Kg2 Qxf3+ 42. Kh2 Re5 43. Qg3 Qf5 44. Qf4 Qxf4+ 45. Rg3 Qxf2+ 46. Kh1 Qf1+ 47. Rg1 Qh3# 0-1

[Event "GER-ch Net blitz qual4"]
[Site "Playchess.com INT"]
[Date "2020.03.23"]
[Round "8"]
[White "Kesselhut, Pascal"]
[Black "Radeke, Timothy"]
[Result "0-1"]
[WhiteElo "1288"]
[BlackElo "1143"]
[PlyCount "68"]
[EventDate "2020.03.23"]
[EventType "swiss (blitz)"]
[EventRounds "9"]
[EventCountry "GER"]
[SourceTitle "CBM 195 Extra"]
[Source "ChessBase"]
[SourceDate "2020.05.31"]
[SourceVersion "1"]
[SourceVersionDate "2020.05.31"]
[SourceQuality "1"]

1. e4 c5 2. Nc3 Nc6 3. f4 e6 4. Nf3 d5 5. Bb5 d4 6. Bxc6+ bxc6 7. Ne2 Ba6 8. 0-0 Bd6 9. c3 Bxe2 10. Qxe2 Bxf4 11. g3 Be5 12. a3 Bf6 13. b4 dxc3 14. dxc3 Bxc3 15. Rb1 cxb4 16. axb4 Ne7 17. Bb2 Bxb2 18. Rxb2 0-0 19. Rd1 Qb6+ 20. Kg2 Rad8 21. Rbd2 Rxd2 22. Rxd2 Qxb4 23. Ne5 Ng6 24. Nxc6 Qb6 25. Nd4 Rd8 26. Nf3 Rxd2 27. Qxd2 Qc6 28. Qd3 a5 29. Ne5 Qc7 30. Nxg6 hxg6 31. Qa3 Qc2+ 32. Kh3 Qxe4 33. Qxa5 Qf5+ 34. Kg2 Qxa5 0-1

[Event "GER-ch Net blitz qual4"]
[Site "Playchess.com INT"]
[Date "2020.03.23"]
[Round "9"]
[White "Radeke, Timothy"]
[Black "Winkler, Andreas1111"]
[Result "0-1"]
[WhiteElo "1143"]
[BlackElo "1433"]
[PlyCount "52"]
[EventDate "2020.03.23"]
[EventType "swiss (blitz)"]
[EventRounds "9"]
[EventCountry "GER"]
[SourceTitle "CBM 195 Extra"]
[Source "ChessBase"]
[SourceDate "2020.05.31"]
[SourceVersion "1"]
[SourceVersionDate "2020.05.31"]
[SourceQuality "1"]

1. d4 d5 2. c4 e6 3. Nc3 Nf6 4. cxd5 Nxd5 5. e4 Nxc3 6. bxc3 Be7 7. Bf4 0-0 8. Nf3 Nd7 9. Bc4 b6 10. 0-0 Bb7 11. d5 e5 12. Nxe5 Nxe5 13. Bxe5 Bf6 14. Bxf6 Qxf6 15. Qd4 Qg6 16. Bd3 Qh6 17. Rfe1 Rad8 18. Re3 c5 19. Qa4 a6 20. Qc2 Rfe8 21. e5 Rxd5 22. Rh3 Qxh3 23. gxh3 Rdxe5 24. Bxh7+ Kf8 25. Bf5 Re1+ 26. Rxe1 Rxe1# 0-1

[Event "GER-ch Net blitz qual3"]
[Site "Playchess.com INT"]
[Date "2020.03.21"]
[Round "1"]
[White "Cmiel, Thorsten"]
[Black "Radeke, Timothy"]
[Result "1-0"]
[WhiteElo "2083"]
[BlackElo "1143"]
[PlyCount "73"]
[EventDate "2020.03.21"]
[EventType "swiss (blitz)"]
[EventRounds "9"]
[EventCountry "GER"]
[SourceTitle "CBM 195 Extra"]
[Source "ChessBase"]
[SourceDate "2020.05.31"]
[SourceVersion "1"]
[SourceVersionDate "2020.05.31"]
[SourceQuality "1"]

1. e4 Nc6 2. Nf3 d6 3. d4 e6 4. c4 g6 5. d5 Ne5 6. Nd4 c5 7. dxc6 Nxc6 8. Nb5 a6 9. N5c3 Bg7 10. Be2 Nf6 11. Bf4 0-0 12. Qxd6 Qxd6 13. Bxd6 Rd8 14. c5 b6 15. Bc7 Rd7 16. cxb6 Nb4 17. Na3 Bb7 18. f3 Ne8 19. Bf4 e5 20. Be3 Nd6 21. Kf2 f5 22. Bc5 Nc6 23. Rhd1 Nd4 24. b4 Rad8 25. Nc4 Nxc4 26. Bxc4+ Kh8 27. Rd2 f4 28. Rad1 Bc6 29. a4 Bb7 30. Be6 Rd6 31. Bd5 Rxd5 32. Nxd5 Bxd5 33. exd5 Rxd5 34. b7 Rd8 35. Ba7 Rd7 36. b8Q+ Bf8 37. Qxf8# 1-0

[Event "GER-ch Net blitz qual3"]
[Site "Playchess.com INT"]
[Date "2020.03.21"]
[Round "7"]
[White "Koch, Benjamin1111"]
[Black "Radeke, Timothy"]
[Result "0-1"]
[WhiteElo "1595"]
[BlackElo "1143"]
[PlyCount "88"]
[EventDate "2020.03.21"]
[EventType "swiss (blitz)"]
[EventRounds "9"]
[EventCountry "GER"]
[SourceTitle "CBM 195 Extra"]
[Source "ChessBase"]
[SourceDate "2020.05.31"]
[SourceVersion "1"]
[SourceVersionDate "2020.05.31"]
[SourceQuality "1"]

1. e4 c6 2. Nf3 d5 3. exd5 cxd5 4. d3 Nc6 5. Be2 e5 6. 0-0 Nf6 7. Bg5 Be7 8. Nc3 h6 9. Bh4 0-0 10. Re1 Bf5 11. Qd2 e4 12. dxe4 dxe4 13. Qxd8 Raxd8 14. Bxf6 Bxf6 15. Bb5 exf3 16. Bxc6 bxc6 17. gxf3 Bxc2 18. Re2 Bxc3 19. bxc3 Bd3 20. Re3 Rfe8 21. Rae1 Rxe3 22. Rxe3 Bc4 23. Re4 Bxa2 24. Ra4 Be6 25. Rxa7 Bh3 26. Ra1 Kf8 27. f4 Ke7 28. f3 Kf6 29. Kf2 Kf5 30. Kg3 Rd3 31. Kxh3 Rxf3+ 32. Kg2 Rxf4 33. Re1 Kf6 34. Kg3 Rc4 35. Rc1 g5 36. Rc2 Kg6 37. Kf2 f5 38. Ke3 f4+ 39. Kd3 Rc5 40. Rf2 Rd5+ 41. Kc4 Kf5 42. h3 h5 43. Rg2 g4 44. hxg4+ hxg4 0-1

[Event "GER-ch Net blitz qual3"]
[Site "Playchess.com INT"]
[Date "2020.03.21"]
[Round "9"]
[White "Mueller, Cosima"]
[Black "Radeke, Timothy"]
[Result "1/2-1/2"]
[WhiteElo "1505"]
[BlackElo "1143"]
[PlyCount "29"]
[EventDate "2020.03.21"]
[EventType "swiss (blitz)"]
[EventRounds "9"]
[EventCountry "GER"]
[SourceTitle "CBM 195 Extra"]
[Source "ChessBase"]
[SourceDate "2020.05.31"]
[SourceVersion "1"]
[SourceVersionDate "2020.05.31"]
[SourceQuality "1"]

1. e4 c5 2. Nf3 d6 3. d4 cxd4 4. Nxd4 Nf6 5. Nc3 g6 6. Be3 Bg7 7. f3 0-0 8. Qd2 Nc6 9. 0-0-0 Nxd4 10. Bxd4 Be6 11. g4 a6 12. h4 b5 13. Kb1 b4 14. Na4 a5 15. h5 1/2-1/2